| 000 | 00397nam a2200169Ia 4500 | ||
|---|---|---|---|
| 008 | 230524s9999 xx 000 0 und d | ||
| 020 | _a9789351770251 | ||
| 082 | _bMAR | ||
| 100 |
_aAndy Marino _941773 |
||
| 245 | 0 | _aNarendra Modi | |
| 250 | _a1 | ||
| 260 |
_aNoida _bHarper Collins _c2014 |
||
| 300 | _a332p; | ||
| 500 | _aQuantity Number: 1 | ||
| 650 |
_aMisalliance _941774 |
||
| 942 | _cBK | ||
| 999 |
_c56209 _d56209 |
||